000 00487nam a2200169Ia 4500
005 20250923150028.0
008 008 250917s9999 xx 000 0 eng d
037 _aReports
040 _aDSWL
_beng
_cDSWL
041 _aeng
_2eng
084 _aL:4:625N96, N99
_qDSWL
245 0 _aMorbiolity and treatment of ailments
_c by N.S.S.O. India
260 _aNew Delhi
_bN.S.S.O.
_c1998
300 _a34210 p.
942 _cREP
_hL:4:625N96, N99
999 _c1458710
_d1458710